000 00765nam a2200217Ia 4500
003 GCL
008 140319s9999 xx 000 0 ara d
040 _aGCL /
_cGCL
082 0 4 _a819
_bج ك
100 1 _aعلى بوملحم (مقدم وتاريخ)
245 1 0 _aكتاب البغال /
_cعلى بوملحم (مقدم وتاريخ)
700 1 _aالجاحظ : ابوعثمان عمرو بن بحر محبوب
260 _a[S.N] :
_bدار مكتبة الهلال للطباعة والنشر ،
_c1991
300 _a135 ص
490 _a
650 0 4 _aالادب العربى
650 0 4 _aالبلاغة العربية
650 0 4 _aالبغال
650 0 4 _aالجاحظ ،ابى عثمان عمرو بن بحر بن محبوب
942 _2ddc
_cBK
999 _c36276
_d36276